Vista normal
Vista MARC
Entrada Materia (tema)
Número de registros utilizados en: 2
001 - CONTROL NUMBER
- control field: 43029
003 - CONTROL NUMBER IDENTIFIER
- control field: Co-BoUCM
005 - DATE AND TIME OF LATEST TRANSACTION
- control field: 20130815140242.0
008 - FIXED-LENGTH DATA ELEMENTS
- fixed length control field: 130815|| aca||aabn | a|a d
040 ## - CATALOGING SOURCE
- Original cataloging agency: Co-BoUCM
- Transcribing agency: Co-BoUCM
150 ## - HEADING--TOPICAL TERM
- Topical term or geographic name as entry element: Científicos
- Geographic subdivision: Estados Unidos
- Form subdivision: Biografías
670 ## - SOURCE DATA FOUND
- Source citation: Work cat.: (Co-BoUCM)171304: Dyson, Freeman J. 43011, El cientifico rebelde, 2010